[Event "GER-chT U10"]
[Site "Magdeburg"]
[Date "2014.12.27"]
[Round "2.4"]
[White "Kronhardt, Simon"]
[Black "Koegler, Lukas"]
[Result "1-0"]
[WhiteElo "600"]
[BlackElo "775"]
[PlyCount "51"]
[EventDate "2014.12.27"]
[EventType "team-swiss"]
[EventRounds "7"]
[EventCountry "GER"]
[SourceTitle "EXT 2016"]
[Source "ChessBase"]
[SourceDate "2015.10.08"]
[SourceVersion "1"]
[SourceVersionDate "2015.10.08"]
[SourceQuality "1"]
[WhiteTeam "Langen"]
[BlackTeam "Hettstedt"]
[WhiteTeamCountry "GER"]
[BlackTeamCountry "GER"]

1. d4 d5 2. Nc3 e6 3. Nf3 Nf6 4. e4 Nc6 5. exd5 exd5 6. Bb5 Be7 7. Bg5 Bg4 8. Bxf6 Bxf6 9. Qe2+ Be7 10. h3 Bf5 11. Nh4 Bxc2 12. Qxc2 0-0 13. Bd3 Nb4 14. Qe2 Bxh4 15. Bb1 Re8 16. Ne4 Rxe4 17. Bxe4 dxe4 18. Qxe4 Nd5 19. Qg4 Nf6 20. Qxh4 Ne4 21. 0-0 Qxd4 22. Rad1 Qxb2 23. Rfe1 Qc2 24. Qf4 Rc8 25. Rc1 Qxa2 26. Rxc7 1-0